Stray Kids - Statistics

General Stats
  • This quiz has been taken 242 times
  • The average score is 13 of 16
Answer Stats
Indice Answer % Correct
"Rubber duckie, you are the one~~" Bang Chan
99%
"Oh ! An egg, sweet :)" Felix
99%
"Your behaviour is so... UGH" Hyunjin
99%
"Oh my god ! Secret Secret is so amazing !
I love this song that's so beautiful!
Han
98%
"I CAN SPEAK.. korean" I.N
98%
"STAAAAAAA" Seungmin
97%
"STRAY KISS WOO" Changbin
96%
"hey brownie boy brownie boy" LeeKnow
96%
son SKZOO WolfChan
79%
son SKZOO LeeBit
74%
son SKZOO PuppyM
71%
son SKZOO HanQuokka
70%
son SkZOO BbokAri
69%
son SKZOO Dwaekki
69%
son SKZOO Jiniret
67%
son SKZOO FoxI.Ny
52%
No matching quizzes found
Score Distribution
Percent of People with Each Score
Percentile by Number Answered
Your Score History
You have not taken this quiz